A call to spirituality: (Record no. 11003)

000 -LEADER
fixed length control field 00602nam a2200181 a 4500
001 - CONTROL NUMBER
control field :::00008796$&:&@@
003 - CONTROL NUMBER IDENTIFIER
control field OkBaRHE
005 - DATE AND TIME OF LATEST TRANSACTION
control field 20000607103346.0
008 - FIXED-LENGTH DATA ELEMENTS--GENERAL INFORMATION
fixed length control field s1938 j 000 0 eng u
040 ## - CATALOGING SOURCE
Transcribing agency
100 1# - MAIN ENTRY--PERSONAL NAME
Personal name Staats, Loren B.
245 12 - TITLE STATEMENT
Title A call to spirituality:
Remainder of title impressive and persuasive evangelistic sermons for both saints and sinners.
260 ## - PUBLICATION, DISTRIBUTION, ETC. (IMPRINT)
Place of publication, distribution, etc Dallas, TX., :
Name of publisher, distributor, etc Full Gospel Church and Tabernacle
Date of publication, distribution, etc 1938
300 ## - PHYSICAL DESCRIPTION
Extent 38 p.
650 ## - SUBJECT ADDED ENTRY--TOPICAL TERM
Topical term or geographic name as entry element Evangelism
942 ## - ADDED ENTRY ELEMENTS (KOHA)
Source of classification or shelving scheme
Koha item type Books
Copies
Date last seen Date acquired Shelving location Koha item type Full call number Permanent Location Lost status Withdrawn status Price effective from Not for loan Copy number Source of classification or shelving scheme Damaged status Barcode
2010-04-142010-04-14General StacksBooksBV 3795 .S7RHEMA Bible Training College  2010-04-14 1  8796